Princes et princesses d'Europe - Statistiques

Statistiques générales
  • Ce quiz a été pris 48 fois
  • Le résultat moyen est 14 sur 83
Statistiques - réponses
Pays Né(e) en Initiale Prénom % Correct
Royaume-Uni 1982 W William
72%
Espagne 2005 * L Leonor
65%
Espagne 2007 S Sofia
60%
Belgique 2001 * E Elisabeth
56%
Belgique 2003 G Gabriel
49%
Suède 1979 C P Carl Philip
42%
Belgique 2008 E Eléonore
40%
Autriche & Hongrie ** 1994 E Eléonore
40%
Royaume-Uni 1984 H Henry
40%
Luxembourg 1986 L Louis
37%
France Bourbon ** 2010 L Louis
37%
Suède 1977 * V Victoria
37%
Monaco 2014 * J Jacques
35%
Monaco 2014 G Gabriella
33%
Allemagne ** 2015 E Emma
28%
Danemark 1968 * F Frédérik
28%
Belgique 2005 E Emmanuel
26%
Russie Romanov ** 1981 G Georges
26%
Géorgie ** 2011 G Giorgi
26%
Luxembourg 1981 * G Guillaume
21%
Allemagne ** 2016 H Heinrich
21%
France Bourbon ** 2019 H Henri
21%
Portugal Mendoça ** 1997 H Henrique
21%
France Orléans ** 2016 J Joseph
21%
Suède 1982 M Madeleine
21%
Lituanie ** 1991 W Wilhelm
21%
Pays-Bas 2003 * C Catharina
19%
Norvège 1973 * H Haakon
19%
Norvège 1971 M L Martha Louise
19%
Luxembourg 1991 A Alexandra
16%
Pays-Bas 2005 A Alexia
16%
Danemark 1969 J Joachim
16%
Pays-Bas 2007 A Ariane
14%
Luxembourg 1984 F Félix
14%
France Orléans ** 2009 G Gaston
14%
Bulgarie ** 1967 K Konstantin
14%
Portugal Brangance ** 1997 M Maria
14%
Serbie ** 1982 A Aleksandar
12%
Pologne Saxe ** 2013 A Anna
12%
France Bourbon ** 2007 E Eugénie
12%
Espagne ** 2012 L Luisa
12%
France Bourbon ** 2010 A Alphonse
9%
Allemagne ** 2013 C F Carl Friedrich
9%
Liechtenstein 1972 C Constantin
9%
Italie Savoie ** 1972 E P Emmanuel-Philibert
9%
Serbie ** 1982 F Filip
9%
Grèce ** 1998 K Konstantinos
9%
Allemagne ** 2013 L F Louis Ferdinand
9%
Liechtenstein 1973 T Tatjana
9%
Italie Savoie-Aoste ** 2009 U Umberto
9%
Grèce ** 2000 A Achileas
7%
Italie Savoie-Aoste ** 2011 A Amedeo
7%
Finlande ** 2012 A August
7%
Roumanie Hohenzollern ** 2010 C F Carol Ferdinand
7%
Autriche & Hongrie ** 1997 F Ferdinand
7%
Albanie ** 2020 G Géraldine
7%
Bulgarie ** 1964 K Kiril
7%
Portugal Brangance ** 1996 A Afonso
5%
Liechtenstein 1968 * J Aloïs
5%
France Orléans ** 2012 A Antoinette
5%
Grèce ** 2008 A Aristidis
5%
Monténégro ** 1980 B Boris
5%
Espagne ** 2013 C Cecilia
5%
Russie Leiningen ** 1984 C Cécilia
5%
Portugal Mendoça ** 2000 H Helena
5%
Italie Savoie-Aoste ** 2012 I Isabella
5%
France Orléans ** 2018 J Jacinthe
5%
Bulgarie ** 1972 K Kalina
5%
Bulgarie ** 1965 K Kubrat
5%
Grèce ** 1996 M O Maria Olympia
5%
Liechtenstein 1969 M Maximilian
5%
Lituanie ** 1993 M Maximilian
5%
Finlande ** 2007 M Moritz
5%
Grèce ** 2004 O Odysséas
5%
Serbie ** 1980 P Petar
5%
Monténégro ** 1977 A Altinai
2%
Espagne ** 2016 C E Carlos Enrique
2%
Russie Leiningen ** 2010 E Emich
2%
Pologne Saxe ** 2015 G Gero
2%
Autriche & Hongrie ** 1999 G Gloria
2%
France Orléans ** 2014 L M Louise Marguerite
2%
Finlande ** 2007 P Paulina
2%
Russie Leiningen ** 1992 T Thérèse
2%
Aucun quiz correspondant
Distribution des résultats
% des personnes avec chaque résultat
Percentile par nombre de réponses
Votre historique - résultats
Vous n’avez pas pris ce quiz